[Event "DSOL 02 Liga Gr-A 1st"]
[Site "Playchess.com INT"]
[Date "2020.07.17"]
[Round "4.4"]
[White "Wilms, Christoph"]
[Black "Kanevski, Vladyslav"]
[Result "0-1"]
[WhiteElo "1724"]
[BlackElo "1804"]
[PlyCount "62"]
[EventDate "2020.06.22"]
[EventType "team-tourn (rapid)"]
[EventCountry "GER"]
[SourceTitle "EXT 2021"]
[Source "ChessBase"]
[SourceDate "2020.10.23"]
[SourceVersion "1"]
[SourceVersionDate "2020.10.23"]
[SourceQuality "1"]
[WhiteTeam "Dortmund SV"]
[BlackTeam "Porz SG II"]
[WhiteTeamCountry "GER"]
[BlackTeamCountry "GER"]

1. e4 c5 2. Nf3 e6 3. d4 cxd4 4. Nxd4 Nc6 5. Be3 Nf6 6. f3 d5 7. exd5 Nxd5 8. Nxc6 bxc6 9. Bf2 Rb8 10. Bc4 Rxb2 11. 0-0 Rb4 12. Bb3 Qg5 13. Re1 Nf4 14. Bg3 Bc5+ 15. Kh1 Bf2 16. Bxf4 Qxf4 17. g3 Qf6 18. Rf1 Qxa1 19. c3 Rb8 20. Rxf2 Ba6 21. Qd6 Qxb1+ 22. Kg2 Rc8 23. Bxe6 Rd8 24. Qxc6+ Ke7 25. Bd5 Qb6 26. Qa4 Rxd5 27. c4 Re5 28. Rd2 Rc8 29. Rd7+ Kf8 30. Qa3+ Kg8 31. Qc3 Re2+ 0-1

[Event "Dortmund Sparkassen op-B"]
[Site "Dortmund"]
[Date "2008.07.02"]
[Round "4"]
[White "Wilms, Christoph"]
[Black "Webner, Dennis"]
[Result "0-1"]
[WhiteElo "1638"]
[BlackElo "1888"]
[PlyCount "58"]
[EventDate "2008.06.30"]
[EventType "swiss"]
[EventRounds "9"]
[EventCountry "GER"]
[SourceTitle "EXT 2022"]
[Source "ChessBase"]
[SourceDate "2021.10.06"]
[SourceVersion "1"]
[SourceVersionDate "2021.10.06"]
[SourceQuality "1"]

1. e4 c6 2. d4 d5 3. Nc3 dxe4 4. Nxe4 Bf5 5. Ng3 Bg6 6. h4 h6 7. Nf3 Nd7 8. h5 Bh7 9. Bd3 Bxd3 10. Qxd3 e6 11. Bf4 Ngf6 12. 0-0-0 Qa5 13. Kb1 0-0-0 14. Qb3 Nd5 15. Bd2 Qc7 16. c4 N5f6 17. Ne5 Nxe5 18. Bf4 Nfg4 19. Rh4 Qe7 20. Qa4 Qxh4 21. Qxa7 Bd6 22. Ne4 Bb8 23. Qa8 Qe7 24. f3 b6 25. fxg4 Qb7 26. Qa3 Nxg4 27. Bxb8 Kxb8 28. Qg3+ Qc7 29. Qxg4 f5 0-1

[Event "Unna op"]
[Site "Unna"]
[Date "2007.12.27"]
[Round "1"]
[White "Bien, Stefan"]
[Black "Wilms, Christoph"]
[Result "1-0"]
[WhiteElo "2106"]
[BlackElo "1625"]
[PlyCount "45"]
[EventDate "2007.12.27"]
[EventType "swiss"]
[EventRounds "7"]
[EventCountry "GER"]
[SourceTitle "CBM 122 Extra"]
[Source "ChessBase"]
[SourceDate "2008.03.04"]
[SourceVersion "1"]
[SourceVersionDate "2008.03.04"]
[SourceQuality "1"]

1. d4 Nf6 2. Nf3 e6 3. Bg5 b6 4. e3 Be7 5. Bd3 Bb7 6. 0-0 0-0 7. Nbd2 d5 8. Ne5 Ne4 9. Bxe7 Qxe7 10. f4 Nd7 11. c3 f5 12. Ndf3 c5 13. Nxd7 Qxd7 14. Ne5 Qe7 15. Bxe4 dxe4 16. dxc5 Qxc5 17. Qd4 Qd5 18. Rfd1 Rfd8 19. Qa4 Qc5 20. Kf2 b5 21. Qa5 Rd5 22. a4 Rad8 23. Qxd8+ 1-0

[Event "Dortmund op-B"]
[Site "Dortmund"]
[Date "2007.06.27"]
[Round "5"]
[White "Wilms, Christoph"]
[Black "Kubo, Thomas"]
[Result "1/2-1/2"]
[WhiteElo "1612"]
[BlackElo "1738"]
[PlyCount "97"]
[EventDate "2007.06.22"]
[EventType "swiss"]
[EventRounds "9"]
[EventCountry "GER"]
[SourceTitle "EXT 2008"]
[Source "ChessBase"]
[SourceDate "2007.11.25"]
[SourceVersion "1"]
[SourceVersionDate "2007.11.25"]
[SourceQuality "1"]

1. e4 c6 2. d4 d5 3. Nc3 dxe4 4. Nxe4 Bf5 5. Ng3 Bg6 6. h4 h6 7. Nf3 Nd7 8. h5 Bh7 9. Bd3 Bxd3 10. Qxd3 e6 11. Bf4 Qa5+ 12. Bd2 Qc7 13. 0-0-0 Ngf6 14. Ne4 0-0-0 15. g3 Nxe4 16. Qxe4 Nf6 17. Qe2 c5 18. Rh4 cxd4 19. Nxd4 Bc5 20. Nb3 Rd5 21. Nxc5 Rxc5 22. Be3 Rc6 23. Rhd4 Nd5 24. Qd3 Rd8 25. Kb1 Rcd6 26. Rc4 Rc6 27. Rxc6 bxc6 28. Qa6+ Kb8 29. Bd2 Qb6 30. Bf4+ Ka8 31. Qxb6 axb6 32. Kc1 Rd7 33. c4 Nf6 34. Rxd7 Nxd7 35. g4 e5 36. Be3 c5 37. g5 hxg5 38. Bxg5 f6 39. h6 gxh6 40. Bxh6 Kb7 41. Kd2 Kc6 42. Ke3 Kd6 43. Ke4 Ke6 44. a3 f5+ 45. Kf3 e4+ 46. Ke2 Ne5 47. b3 Nd3 48. f3 Ke5 49. Bg7+ 1/2-1/2

[Event "Dortmund op-B"]
[Site "Dortmund"]
[Date "2007.06.26"]
[Round "4"]
[White "Hardt, Helmut"]
[Black "Wilms, Christoph"]
[Result "1-0"]
[WhiteElo "1826"]
[BlackElo "1612"]
[PlyCount "34"]
[EventDate "2007.06.22"]
[EventType "swiss"]
[EventRounds "9"]
[EventCountry "GER"]
[SourceTitle "EXT 2008"]
[Source "ChessBase"]
[SourceDate "2007.11.25"]
[SourceVersion "1"]
[SourceVersionDate "2007.11.25"]
[SourceQuality "1"]

1. Nf3 Nf6 2. c4 e6 3. Nc3 b6 4. d4 Bb4 5. Qb3 c5 6. Bg5 Nc6 7. e3 Na5 8. Qc2 Ba6 9. a3 Bxc3+ 10. Qxc3 Rc8 11. dxc5 Bxc4 12. Bxc4 Rxc5 13. Bxf6 gxf6 14. Nd2 Nxc4 15. b4 Rc8 16. Nxc4 d5 17. Nd6+ Qxd6 1-0

[Event "Dortmund3"]
[Site "Dortmund"]
[Date "2006.05.23"]
[Round "8"]
[White "Wilms, Christoph"]
[Black "Nettbohl, Werner"]
[Result "1-0"]
[WhiteElo "1526"]
[BlackElo "1581"]
[PlyCount "107"]
[EventDate "2006.04.26"]
[EventType "tourn"]
[EventRounds "11"]
[EventCountry "GER"]
[SourceTitle "EXT 2007"]
[Source "ChessBase"]
[SourceDate "2006.11.23"]
[SourceVersion "1"]
[SourceVersionDate "2006.11.23"]
[SourceQuality "1"]

1. d4 d5 2. c4 e6 3. Nc3 Nf6 4. Bg5 Nbd7 5. Nf3 Be7 6. e3 0-0 7. Bd3 h6 8. Bh4 dxc4 9. Bxc4 c6 10. a3 Nb6 11. Bd3 Nfd5 12. Bg3 Bd6 13. Ne5 Qe7 14. Ne4 Bc7 15. Qg4 Nd7 16. Nxd7 Qxd7 17. Nc5 Qe7 18. Bh4 Nf6 19. Ne4 Nxg4 20. Bxe7 Re8 21. Bh4 f5 22. Nc5 g5 23. Bg3 Bxg3 24. hxg3 Kg7 25. Ke2 b6 26. Nb3 Nf6 27. Rac1 Bb7 28. Nd2 Rad8 29. Nf3 Ng4 30. b4 Re7 31. Rc2 Rd6 32. Rhc1 b5 33. Kf1 Kf6 34. Rc5 e5 35. dxe5+ Nxe5 36. Nxe5 Rxe5 37. Rxe5 Kxe5 38. Rc5+ Rd5 39. Rxd5+ Kxd5 40. Bxf5 a5 41. Bd3 axb4 42. axb4 Bc8 43. f3 Bd7 44. Ke2 c5 45. bxc5 Kxc5 46. Kd2 Be6 47. Bb1 b4 48. f4 Kc4 49. Ba2+ b3 50. Bb1 Kb4 51. f5 Bc4 52. e4 Ka3 53. Kc3 Bf1 54. f6 1-0

[Event "Dortmund op"]
[Site "Dortmund"]
[Date "2006.03.21"]
[Round "8.18"]
[White "Ziperstein, Jakob"]
[Black "Wilms, Christoph"]
[Result "1-0"]
[WhiteElo "1838"]
[BlackElo "1526"]
[PlyCount "69"]
[EventDate "2006.03.06"]
[EventType "swiss"]
[EventRounds "9"]
[EventCountry "GER"]
[SourceTitle "CBM 111 Extra"]
[Source "ChessBase"]
[SourceDate "2006.05.09"]
[SourceVersion "1"]
[SourceVersionDate "2006.05.09"]
[SourceQuality "1"]

1. e4 c5 2. Nf3 d6 3. Nc3 Nf6 4. d4 cxd4 5. Nxd4 a6 6. Be2 e5 7. Nf3 h6 8. h3 Be6 9. Be3 Nbd7 10. 0-0 Be7 11. Qd2 0-0 12. Nh2 Rc8 13. f3 Nb6 14. Rf2 Nc4 15. Bxc4 Rxc4 16. Rd1 Qc8 17. Nd5 Bxd5 18. exd5 Nh5 19. c3 Bh4 20. Rff1 Ng3 21. Rfe1 Nf5 22. Bf2 Bg5 23. Qd3 b5 24. Re4 Rc7 25. Nf1 Ne7 26. a4 Rc4 27. axb5 axb5 28. Ra1 Rxe4 29. fxe4 Qc4 30. Qxc4 bxc4 31. Be3 f5 32. Bxg5 hxg5 33. Ra7 Kf7 34. exf5 Kf6 35. Ne3 1-0

[Event "Dortmund op"]
[Site "Dortmund"]
[Date "2006.03.13"]
[Round "4.34"]
[White "Wilms, Christoph"]
[Black "Krueger, Inge"]
[Result "1/2-1/2"]
[WhiteElo "1526"]
[BlackElo "1351"]
[PlyCount "93"]
[EventDate "2006.03.06"]
[EventType "swiss"]
[EventRounds "9"]
[EventCountry "GER"]
[SourceTitle "CBM 111 Extra"]
[Source "ChessBase"]
[SourceDate "2006.05.09"]
[SourceVersion "1"]
[SourceVersionDate "2006.05.09"]
[SourceQuality "1"]

1. d4 d5 2. c4 e6 3. Nc3 Nf6 4. Bg5 Nbd7 5. Nf3 Be7 6. e3 0-0 7. cxd5 exd5 8. a3 h6 9. Bh4 c6 10. Bd3 Re8 11. 0-0 Nf8 12. Qc2 Ne4 13. Bxe7 Qxe7 14. b4 Nxc3 15. Qxc3 Bg4 16. Ne5 Be6 17. Rac1 Rac8 18. Qb2 Rc7 19. Bb1 f5 20. Qc2 Rec8 21. Qa4 a6 22. Rc3 Qe8 23. Qc2 b6 24. Rc1 Ng6 25. Rxc6 Rxc6 26. Nxc6 Kf8 27. Qa4 Ne7 28. Qxa6 Rxc6 29. Rxc6 Qxc6 30. Bd3 Bc8 31. Qa7 Qc1+ 32. Bf1 b5 33. Qa5 Kf7 34. Qxb5 Qxa3 35. g3 Qa7 36. Qc5 Qxc5 37. dxc5 Nc6 38. b5 Ne5 39. Be2 Ke7 40. Kf1 Kd7 41. Ke1 Kc7 42. Kd2 Nd7 43. c6 Nc5 44. f3 Be6 45. Kc3 Kb6 46. Kb4 Bf7 47. h3 1/2-1/2

[Event "Dortmund op-B"]
[Site "Dortmund"]
[Date "2005.07.15"]
[Round "7"]
[White "Wilms, Christoph"]
[Black "Wiesemann, Peter"]
[Result "0-1"]
[WhiteElo "1534"]
[BlackElo "1788"]
[PlyCount "48"]
[EventDate "2005.07.08"]
[EventType "swiss"]
[EventRounds "9"]
[EventCountry "GER"]
[SourceTitle "CBM 107 Extra"]
[Source "ChessBase"]
[SourceDate "2005.09.01"]
[SourceVersion "1"]
[SourceVersionDate "2005.09.01"]
[SourceQuality "1"]

1. d4 d5 2. c4 e6 3. Nc3 Nf6 4. Bg5 Nbd7 5. Nf3 Be7 6. e3 0-0 7. Bd3 dxc4 8. Bxc4 b6 9. 0-0 Bb7 10. a3 c5 11. Ba2 Rc8 12. dxc5 Rxc5 13. Bh4 Rh5 14. Bg3 Qa8 15. Bc4 Nc5 16. Be2 Rd8 17. Qc2 Nce4 18. Nxe4 Bxe4 19. Qc1 Rc5 20. Qe1 g5 21. Kh1 Nh5 22. Rg1 Nxg3+ 23. hxg3 Bf6 24. Qb4 Rc2 0-1

[Event "Dortmund op-B"]
[Site "Dortmund"]
[Date "2005.07.08"]
[Round "1"]
[White "Wilms, Christoph"]
[Black "Luft, Dennis"]
[Result "0-1"]
[WhiteElo "1534"]
[BlackElo "1871"]
[PlyCount "122"]
[EventDate "2005.07.08"]
[EventType "swiss"]
[EventRounds "9"]
[EventCountry "GER"]
[SourceTitle "CBM 107 Extra"]
[Source "ChessBase"]
[SourceDate "2005.09.01"]
[SourceVersion "1"]
[SourceVersionDate "2005.09.01"]
[SourceQuality "1"]

1. d4 d5 2. c4 c6 3. cxd5 cxd5 4. Nc3 Nf6 5. Nf3 Nc6 6. Bg5 e6 7. e3 Be7 8. Bd3 Qb6 9. Qc1 Bd7 10. 0-0 Rc8 11. a3 Na5 12. Rb1 Nb3 13. Qd1 Bd6 14. Bc2 Na5 15. Ne5 Qc7 16. Nxd7 Nxd7 17. g3 h6 18. Nb5 Qb6 19. Nxd6+ Qxd6 20. Bf4 Qe7 21. g4 Nc4 22. Re1 Qh4 23. Ba4 Ncb6 24. Rc1 Rxc1 25. Bxd7+ Nxd7 26. Qxc1 Qxg4+ 27. Bg3 0-0 28. Qc7 Nf6 29. Rc1 h5 30. Qf4 Qg6 31. Kg2 Ng4 32. Rc7 h4 33. h3 hxg3 34. hxg4 gxf2 35. Kxf2 b6 36. Rxa7 Qc2+ 37. Kg3 Qxb2 38. g5 Qc1 39. Qf2 Qb1 40. Rb7 Qg6 41. Qf4 Qb1 42. Qf2 Qd3 43. Rxb6 Qxa3 44. Rb1 Qd3 45. Rg1 Rc8 46. Rf1 Qg6 47. Qf4 Qh5 48. Rf2 Qg6 49. Rh2 f6 50. Kg4 Kf7 51. Rg2 Rc3 52. Kf3 Qh5+ 53. Qg4 Qh1 54. gxf6 Qd1+ 55. Kf4 Qf1+ 56. Qf3 Qxf3+ 57. Kxf3 Kxf6 58. Rg1 g5 59. Rf1 Kg6 60. Rg1 Kf5 61. Re1 g4+ 0-1

[Event "Dortmund op-B"]
[Site "Dortmund"]
[Date "2004.07.27"]
[Round "5"]
[White "Schroelkamp, Carsten"]
[Black "Wilms, Christoph"]
[Result "1/2-1/2"]
[WhiteElo "1168"]
[BlackElo "1431"]
[PlyCount "141"]
[EventDate "2004.07.??"]
[EventType "swiss"]
[EventRounds "9"]
[EventCountry "GER"]
[SourceTitle "EXT 2006"]
[Source "ChessBase"]
[SourceDate "2005.11.24"]
[SourceVersion "1"]
[SourceVersionDate "2005.11.24"]
[SourceQuality "1"]

1. Nf3 c5 2. g3 Nf6 3. Bg2 g6 4. 0-0 Bg7 5. d3 0-0 6. Nbd2 d6 7. Nc4 Na6 8. c3 Rb8 9. Bd2 b5 10. Ne3 Nc7 11. Rb1 Bd7 12. a3 Qc8 13. c4 a6 14. Bc3 Bh3 15. Ng5 Bxg2 16. Nxg2 h6 17. Nf3 Ne6 18. Ne3 Ng5 19. Nxg5 hxg5 20. f4 gxf4 21. Rxf4 b4 22. axb4 cxb4 23. Bd2 Bh6 24. Rh4 Bg7 25. b3 a5 26. Qf1 Qc5 27. Qf2 d5 28. Nxd5 Qxf2+ 29. Kxf2 Nxd5 30. cxd5 Rfd8 31. e4 Rdc8 32. Ke3 Bc3 33. Rc1 Bxd2+ 34. Kxd2 Rxc1 35. Kxc1 Rc8+ 36. Kb2 Kg7 37. Rf4 Rc3 38. d4 g5 39. Rf5 f6 40. d6 exd6 41. Rxa5 Re3 42. Rb5 Rxe4 43. Rxb4 Re2+ 44. Ka3 Rxh2 45. Rc4 Rd2 46. g4 Kf7 47. b4 Ke6 48. b5 Kd5 49. Rc1 Re2 50. b6 Re8 51. Ka4 Rb8 52. Kb5 Kxd4 53. Ka6 Ke4 54. b7 d5 55. Rc8 Rxb7 56. Kxb7 Kf4 57. Rd8 Kxg4 58. Rxd5 f5 59. Kc6 f4 60. Rd4 Kg3 61. Kd5 f3 62. Rd3 Kg2 63. Ke4 f2 64. Rd1 g4 65. Kf4 g3 66. Kg4 Kh2 67. Rd2 Kg2 68. Rc2 Kg1 69. Rc1+ f1Q 70. Rxf1+ Kxf1 71. Kxg3 1/2-1/2

[Event "Dortmund ABC Serie A-21"]
[Site "Dortmund"]
[Date "2004.06.04"]
[Round "10"]
[White "Wilms, Christoph"]
[Black "Thavarajah, Sutharjan"]
[Result "1-0"]
[WhiteElo "1330"]
[BlackElo "1400"]
[PlyCount "44"]
[EventDate "2004.04.21"]
[EventType "tourn"]
[EventRounds "11"]
[EventCountry "GER"]
[SourceTitle "EXT 2006"]
[Source "ChessBase"]
[SourceDate "2005.11.24"]
[SourceVersion "1"]
[SourceVersionDate "2005.11.24"]
[SourceQuality "1"]

1. d4 d5 2. c4 c6 3. Nc3 Nf6 4. Nf3 e6 5. Bg5 Bd6 6. e3 Nbd7 7. cxd5 cxd5 8. Bd3 h6 9. Bh4 Qc7 10. 0-0 e5 11. Nb5 Qb8 12. Nxd6+ Qxd6 13. dxe5 Nxe5 14. Nxe5 Qxe5 15. Bxf6 Qxf6 16. Bb5+ Bd7 17. Bxd7+ Kxd7 18. Qxd5+ Kc8 19. Rac1+ Kb8 20. Qd7 Qb6 21. Qxf7 Rc8 22. Rxc8+ Kxc8 1-0

[Event "Dortmund ABC Serie A-21"]
[Site "Dortmund"]
[Date "2004.05.26"]
[Round "8"]
[White "Wilms, Christoph"]
[Black "Krueger, Inge"]
[Result "1-0"]
[WhiteElo "1330"]
[BlackElo "1317"]
[PlyCount "93"]
[EventDate "2004.04.21"]
[EventType "tourn"]
[EventRounds "11"]
[EventCountry "GER"]
[SourceTitle "EXT 2006"]
[Source "ChessBase"]
[SourceDate "2005.11.24"]
[SourceVersion "1"]
[SourceVersionDate "2005.11.24"]
[SourceQuality "1"]

1. d4 d5 2. c4 e6 3. Nc3 Nf6 4. Bg5 Nbd7 5. Nf3 Be7 6. e3 0-0 7. cxd5 exd5 8. Bd3 h6 9. Bh4 c6 10. 0-0 Re8 11. Rc1 Nf8 12. Qc2 Bg4 13. Nd2 Bh5 14. a3 Bg6 15. Bxg6 Nxg6 16. Bg3 Rc8 17. b4 a5 18. Qb3 axb4 19. axb4 Qb6 20. b5 Red8 21. bxc6 Qxb3 22. Nxb3 bxc6 23. Na5 Ba3 24. Rc2 Re8 25. Nb1 Bb4 26. Nxc6 Bf8 27. h3 Ne4 28. Bh2 Bd6 29. Bxd6 Nxd6 30. Rfc1 Nc4 31. Na5 Nb6 32. Rxc8 Nxc8 33. Rc5 Nge7 34. Nc3 Nb6 35. Rb5 Rb8 36. Rc5 Kf8 37. Rb5 Ke8 38. Na4 Nec8 39. Nc6 Rb7 40. Nc5 Rc7 41. Ne5 Ke7 42. Kh2 Nc4 43. Na6 Ra7 44. Nc6+ Kd6 45. Nxa7 Nxa7 46. Rb7 Nc6 47. Rxf7 1-0